| 000 | 00338nam a2200121Ia 4500 | ||
|---|---|---|---|
| 005 | 20251222144839.0 | ||
| 008 | 251222s9999||||xx |||||||||||||| ||spa|| | ||
| 082 | _a973/T22 | ||
| 100 | _aTargonski, Rosalie | ||
| 245 | 0 | _aSemblanza del Gobierno de los Estados Unidos | |
| 264 | _bDepartamento de Estado de los Estados Unidos | ||
| 942 | _cLIB | ||
| 999 |
_c21171 _d21171 |
||